Catálogo
 En Linea

Memoria que al Hon. presidente de la República, presenta el Lic. P. A. Luberes Hijo, secretario de Estado de Justicia é Instrucción Pública de su ejercicio durante el período del 12 de julio al 31 de diciembre 1924. (Registro nro. 31821)

Detalles MARC
000 -CABECERA
campo de control de longitud fija 00600nam a2200145 a 4500
001 - NÚMERO DE CONTROL
campo de control 000032330
005 - FECHA Y HORA DE LA ÚLTIMA TRANSACCIÓN
campo de control 20200930065602.0
008 - DATOS DE LONGITUD FIJA--INFORMACIÓN GENERAL
campo de control de longitud fija 110714s1925 dr 000 0 spa d
040 ## - FUENTE DE LA CATALOGACIÓN
Centro catalogador/agencia de origen DO-SdBNP
Lengua de catalogación spa
Centro/agencia transcriptor BNPHU
049 ## - FONDOS LOCALES (OCLC)
Fondos de biblioteca BNPD
100 1# - ENTRADA PRINCIPAL--NOMBRE DE PERSONA
Nombre de persona República Dominicana
9 (RLIN) 35843
245 10 - MENCIÓN DE TÍTULO
Título Memoria que al Hon. presidente de la República, presenta el Lic. P. A. Luberes Hijo, secretario de Estado de Justicia é Instrucción Pública de su ejercicio durante el período del 12 de julio al 31 de diciembre 1924.
260 ## - PUBLICACIÓN, DISTRIBUCIÓN, ETC.
Lugar de publicación, distribución, etc. Santo Domingo :
Nombre del editor, distribuidor, etc. Imp. de J. R. Vda. García,
Fecha de publicación, distribución, etc. 1925.
300 ## - DESCRIPCIÓN FÍSICA
Extensión 112 p. ;
Dimensiones 27 cm.
Existencias
Estado de retiro Estado de pérdida Restricciones de uso No para préstamo Código de colección Localización permanente Ubicación/localización actual Ubicación en estantería Fecha de adquisición Número de inventario Total de préstamos Signatura topográfica completa Código de barras Fecha visto por última vez Precio válido a partir de Tipo de ítem Koha Nota pública
      Excluido de préstamo Raros y valiosos Patrimonio Dominicano Patrimonio Dominicano En catalogación 14.07.2011 LF1   32330-10 25.06.2020 25.06.2020 No se presta Perteneció a la biblioteca personal de Julio Ortega Frier.

Con tecnología Koha